000 00748nam a2200217 a 4500
003 0
005 20250204124142.0
008 130829s19uu xx 00 eng d
050 _aPGS TS 963.3
_b.L477 2013
100 _aLee, Sang Hyun A.
245 _aWater absorption of different diapers /
_cSang Hyun A. Lee.
260 _aLas PiƱas City, Philippines :
_bSouthville International School and Colleges,
_c2013.
300 _a17 p. :
_bill. ;
_c28 cm.
504 _aIncludes bibliographical references.
650 _aDiapers
_vAbsorbency.
650 _aAbsorbent materials
_vComparison.
650 _aSuperabsorbent polymers
_vUses.
650 _aWater absorption
_vTesting.
650 _aDiapers
_vPerformance evaluation.
942 _2lcc
_cPASS
999 _c99042
_d99042